000 00367nam a22001697a 4500
003 UA-OsUOA
001 1206
007 ta
008 20050721b un ||||| |||| 00| 0 ukr d
100 _aBerthier
700 _aPierre- Valentin
942 _cBK
040 _aUA-OsUOA
_cUA-OsUOA
_dUA-OsUOA
245 _aLes Francaise Enchore.
_bFrench
955 _a2
650 7 _2UDC
999 _c287368
_d287368